[Event "2nd IMSA Rapid w 2017"]
[Site "Huai'an CHN"]
[Date "2017.12.10"]
[Round "1.1"]
[White "Ju, Wenjun"]
[Black "Paehtz, Elisabeth"]
[Result "1-0"]
[WhiteTitle "GM"]
[BlackTitle "IM"]
[WhiteElo "2567"]
[BlackElo "2464"]
[WhiteFideId "8603006"]
[BlackFideId "4641833"]
[EventDate "2017.12.10"]

1. d4 d5 2. c4 dxc4 3. e4 b5 4. a4 c6 5. Nc3 a6 6. axb5 cxb5 7. Nxb5 axb5 8.
Rxa8 Bb7 9. Ra1 e6 10. f3 f5 11. exf5 Nc6 12. Ne2 Nge7 13. g4 Nd5 14. Bg2 Bb4+
15. Kf2 exf5 16. gxf5 Qh4+ 17. Ng3 O-O 18. Rf1 Nxd4 19. Kg1 Nb3 20. Rb1 Nxc1 21.
Rxc1 Ne3 22. Qd7 Nxf1 23. Rxf1 Bc5+ 24. Kh1 Ba8 25. Qxb5 Bd6 26. f4 Bxg2+ 27.
Kxg2 Kh8 28. Qxc4 Qf6 29. Rf2 Bb8 30. Qc5 Qf7 31. Qc6 Qb3 32. Nh5 Qf7 33. Ng3
Qb3 34. Qf3 Qb5 35. Qc3 Qb7+ 36. Qf3 Qb5 37. Rc2 Ba7 38. Kh3 h6 39. Qg4 Bb6 40.
Rd2 Bc7 41. Rg2 Bd8 1-0

[Event "2nd IMSA Rapid w 2017"]
[Site "Huai'an CHN"]
[Date "2017.12.10"]
[Round "1.2"]
[White "Muzychuk, Anna"]
[Black "Kosteniuk, Alexandra"]
[Result "1-0"]
[WhiteTitle "GM"]
[BlackTitle "GM"]
[WhiteElo "2582"]
[BlackElo "2557"]
[WhiteFideId "14111330"]
[BlackFideId "4128125"]
[EventDate "2017.12.10"]

1. e4 e5 2. Nf3 Nc6 3. Bc4 Bc5 4. O-O Nf6 5. d3 O-O 6. Re1 d5 7. exd5 Nxd5 8.
Nxe5 Qf6 9. Nf3 Nb6 10. Bb3 Nd4 11. Nbd2 Bg4 12. Ne4 Qg6 13. Ne5 Bxd1 14. Nxg6
Bxc2 15. Nxf8 Bxf8 16. Be3 Nxb3 17. axb3 Bxd3 18. Nc5 Bb5 19. Nxb7 a6 20. Bc5
Nd7 21. Bxf8 Kxf8 22. Rec1 Nf6 23. Rxc7 Ne4 24. Re1 Re8 25. f3 Nf6 26. Rxe8+
Nxe8 27. Rc8 Ke7 28. Kf2 Nf6 29. Nc5 Kd6 30. Ke3 Nd5+ 31. Kd4 Nf4 32. Ne4+ Kd7
33. Rc2 f5 34. Nc3 Bf1 35. Ke3 Nxg2+ 36. Kf2 Bd3 37. Rd2 Nf4 38. h4 Ke6 39. Ke3
Ke5 40. Rxd3 Nxd3 41. Kxd3 Kf4 42. Ke2 g5 43. hxg5 Kxg5 44. Nd5 h5 45. Kf2 f4
46. b4 Kf5 47. Nc7 Ke5 48. Nxa6 h4 49. Nc5 h3 50. Nd3+ 1-0

[Event "2nd IMSA Rapid w 2017"]
[Site "Huai'an CHN"]
[Date "2017.12.10"]
[Round "1.3"]
[White "Lagno, Kateryna"]
[Black "Zhao, Xue"]
[Result "1-0"]
[WhiteTitle "GM"]
[BlackTitle "GM"]
[WhiteElo "2547"]
[BlackElo "2477"]
[WhiteFideId "14109336"]
[BlackFideId "8601283"]
[EventDate "2017.12.10"]

1. e4 e5 2. Nf3 Nc6 3. Bc4 Bc5 4. c3 Nf6 5. d4 exd4 6. e5 d5 7. Bb5 Ne4 8. cxd4
Bb6 9. Nc3 O-O 10. Be3 Ne7 11. O-O Bg4 12. h3 Bxf3 13. Qxf3 f5 14. exf6 Nxf6 15.
Na4 Ne4 16. Qg4 Nf5 17. Nxb6 axb6 18. Bf4 Nxd4 19. Be5 Nf5 20. f3 Nc5 21. b4 c6
22. bxc5 cxb5 23. cxb6 Qxb6+ 24. Kh2 Rf7 25. Rfc1 h6 26. f4 Kh7 27. Qf3 Ne7 28.
Rc7 Raf8 29. Qd3+ Ng6 30. Rxf7 Rxf7 31. Qxd5 Rf8 32. Rb1 Nxf4 33. Qxb5 Qf2 34.
Qxb7 Ne6 35. Rb6 Rf7 36. Qe4+ 1-0

[Event "2nd IMSA Rapid w 2017"]
[Site "Huai'an CHN"]
[Date "2017.12.10"]
[Round "1.4"]
[White "Stefanova, Antoaneta"]
[Black "Muzychuk, Mariya"]
[Result "1/2-1/2"]
[WhiteTitle "GM"]
[BlackTitle "GM"]
[WhiteElo "2500"]
[BlackElo "2544"]
[WhiteFideId "2902257"]
[BlackFideId "14114550"]
[EventDate "2017.12.10"]

1. Nf3 d5 2. g3 c6 3. Bg2 Nf6 4. O-O Bg4 5. d4 Nbd7 6. Nbd2 e6 7. Re1 Bd6 8. e4
dxe4 9. Nxe4 Nxe4 10. Rxe4 Nf6 11. Re1 O-O 12. c3 a5 13. Qb3 Qc7 14. a4 Nd5 15.
c4 Bxf3 16. Bxf3 Nb4 17. Bd2 Rad8 18. Rad1 b6 19. Bc3 Rd7 20. Rd2 Rfd8 21. Kg2
Be7 22. Red1 h6 23. h4 Bf6 24. Bxb4 axb4 25. Qe3 c5 26. dxc5 Rxd2 27. Rxd2 Rxd2
28. Qxd2 Qxc5 29. b3 h5 30. Qe3 Bd4 31. Qg5 Qxg5 32. hxg5 g6 33. Bc6 Kg7 34. f4
f6 35. gxf6+ Kxf6 36. Be8 e5 37. fxe5+ Bxe5 38. Kf3 Bd6 39. Kg2 Bc5 40. Kf3 Bd6
41. Kg2 Bc5 42. Kf3 Bd6 43. Ke4 1/2-1/2

[Event "2nd IMSA Rapid w 2017"]
[Site "Huai'an CHN"]
[Date "2017.12.10"]
[Round "1.5"]
[White "Harika, Dronavalli"]
[Black "Tan, Zhongyi"]
[Result "1-0"]
[WhiteTitle "GM"]
[BlackTitle "GM"]
[WhiteElo "2504"]
[BlackElo "2517"]
[WhiteFideId "5015197"]
[BlackFideId "8603642"]
[EventDate "2017.12.10"]

1. e4 e5 2. Nf3 Nc6 3. Bc4 Bc5 4. b4 Bxb4 5. c3 Ba5 6. d4 d6 7. Qb3 Qd7 8. Nbd2
Bb6 9. O-O Na5 10. Qc2 Nxc4 11. Nxc4 Qc6 12. Qd3 f6 13. a4 a6 14. d5 Qd7 15.
Nxb6 cxb6 16. Nd2 Qc7 17. Nc4 Bg4 18. Ba3 Rd8 19. Rab1 Nh6 20. Rxb6 Nf7 21. Rfb1
Bc8 22. Na5 Rd7 23. R1b3 O-O 24. Qc4 h5 25. Qxc7 Rxc7 26. f3 f5 27. exf5 Bxf5
28. Rxb7 Rfc8 29. Nc6 Kf8 30. Rxc7 Rxc7 31. Rb6 Bc8 32. c4 Ke8 33. a5 Bb7 34.
Kf2 Bxc6 35. dxc6 Nd8 36. Rxa6 Rxc6 37. Rxc6 Nxc6 38. a6 Kd7 39. Ke3 Na5 40. Kd3
e4+ 41. fxe4 Nc6 42. Kc3 Kc7 43. c5 dxc5 44. Bxc5 Nd8 45. Be3 Ne6 46. Kc4 Kc6
47. a7 Kb7 48. Kd5 1-0

[Event "2nd IMSA Rapid w 2017"]
[Site "Huai'an CHN"]
[Date "2017.12.10"]
[Round "1.6"]
[White "Ushenina, Anna"]
[Black "Dzagnidze, Nana"]
[Result "1/2-1/2"]
[WhiteTitle "GM"]
[BlackTitle "GM"]
[WhiteElo "2416"]
[BlackElo "2522"]
[WhiteFideId "14110911"]
[BlackFideId "13601903"]
[EventDate "2017.12.10"]

1. d4 Nf6 2. Nf3 e6 3. Bf4 d5 4. e3 Bd6 5. Bxd6 cxd6 6. c4 Qb6 7. Qb3 Qxb3 8.
axb3 Nc6 9. Nc3 Bd7 10. cxd5 Nxd5 11. Nxd5 exd5 12. Bd3 Ke7 13. Kd2 Nb4 14. Rhc1
Nxd3 15. Kxd3 Rhc8 16. Rc3 h6 17. Ne1 g5 18. Kd2 a6 19. Nd3 Be6 20. Nb4 Kd7 21.
Ra5 Rxc3 22. bxc3 Rb8 23. f3 Kd8 24. g4 Kd7 25. h3 h5 26. gxh5 Rh8 27. Nxd5 Kd8
28. c4 Bxh3 29. Nf6 Ke7 30. Ne4 f6 31. Ng3 Be6 32. e4 Bd7 33. Ke3 Kf7 34. c5
dxc5 35. Rxc5 Rc8 36. Rxc8 Bxc8 37. d5 a5 38. f4 gxf4+ 39. Kxf4 b5 40. Ke3 Bg4
41. Kd4 Bd1 42. Kc5 a4 43. bxa4 bxa4 44. Kb4 Kf8 45. Nf5 Bxh5 46. Kxa4 Bf3 47.
Ng3 f5 48. exf5 Bxd5 49. Kb4 Ba2 50. Kc5 Bb1 51. Kd6 Bxf5 52. Nxf5 1/2-1/2

[Event "2nd IMSA Rapid w 2017"]
[Site "Huai'an CHN"]
[Date "2017.12.10"]
[Round "2.1"]
[White "Harika, Dronavalli"]
[Black "Ju, Wenjun"]
[Result "1/2-1/2"]
[WhiteTitle "GM"]
[BlackTitle "GM"]
[WhiteElo "2504"]
[BlackElo "2567"]
[WhiteFideId "5015197"]
[BlackFideId "8603006"]
[EventDate "2017.12.10"]

1. e4 e5 2. Bc4 Nf6 3. d3 c6 4. Nf3 Be7 5. O-O d6 6. Bb3 O-O 7. c3 Nbd7 8. Re1
Re8 9. d4 Bf8 10. Bc2 b6 11. Nbd2 Bb7 12. Nf1 Qc7 13. Ng3 g6 14. h3 Rad8 15. Be3
h6 16. Qd2 Kh7 17. Rad1 d5 18. dxe5 dxe4 19. Ng5+ hxg5 20. exf6 Nxf6 21. Qc1
Rxd1 22. Qxd1 Bd6 23. Bxg5 Bxg3 24. fxg3 Nd5 25. Rxe4 Rxe4 26. Bxe4 Qxg3 27. Qd2
Bc8 28. c4 Qe5 29. Bxd5 cxd5 30. cxd5 Bd7 31. Bf4 Qe4 32. Kh2 f6 33. Bg3 g5 34.
a3 Kg6 35. d6 f5 36. Qe1 Qd5 37. Qe5 Qc6 38. Be1 Qe4 39. Qxe4 fxe4 40. Kg1 e3
41. Bc3 Kf5 42. Kf1 Ke6 43. Bd4 Bb5+ 44. Ke1 e2 45. Be3 g4 46. Bf4 gxh3 47. gxh3
Kf5 48. Bg3 Ke6 49. Kd2 a5 50. h4 a4 51. h5 Kf6 52. Bf4 Kf5 53. Be3 Kf6 54. Ke1
Kf5 55. Kf2 Kf6 56. h6 Kg6 57. Bd2 Kh7 58. Kf3 e1=Q 59. Bxe1 Kxh6 60. Ke4 Kg6
61. Ke5 Kf7 62. Bf2 Ke8 63. Bxb6 Kd7 64. Kd5 Bc6+ 65. Kc5 Be4 66. Kb4 Bc6 67.
Bc5 Kc8 68. b3 axb3 69. Kxb3 Kb7 70. a4 Ka6 71. Kb4 Bd7 72. a5 Bc6 73. Bb6 Bd7
74. Kc5 Kb7 75. Kd5 Bb5 76. Ke6 Ba4 77. Ke7 Bb5 78. Bd4 Ka6 79. Bb6 Kb7 80. Kd8
Ba4 81. Bc5 Bb5 82. Bb4 Ba4 83. d7 Bxd7 84. Kxd7 1/2-1/2

[Event "2nd IMSA Rapid w 2017"]
[Site "Huai'an CHN"]
[Date "2017.12.10"]
[Round "2.2"]
[White "Muzychuk, Anna"]
[Black "Lagno, Kateryna"]
[Result "1/2-1/2"]
[WhiteTitle "GM"]
[BlackTitle "GM"]
[WhiteElo "2582"]
[BlackElo "2547"]
[WhiteFideId "14111330"]
[BlackFideId "14109336"]
[EventDate "2017.12.10"]

1. e4 c5 2. Nf3 d6 3. Bb5+ Bd7 4. Bxd7+ Nxd7 5. O-O Ngf6 6. Qe2 e6 7. d4 cxd4 8.
Nxd4 Nc5 9. Nc3 Be7 10. Rd1 Qc7 11. Bf4 a6 12. e5 dxe5 13. Bxe5 Qb6 14. Bxf6
Bxf6 15. Nd5 Qd8 16. Nb5 O-O 17. Ndc7 Qc8 18. Nxa8 axb5 19. Qxb5 Ne4 20. Qd3 Qc6
21. Nb6 Nxf2 22. Kxf2 Qxb6+ 23. Kf1 Qxb2 24. Rab1 Qxa2 25. Rxb7 h5 26. Qb3 Qa5
27. Rb5 Qc7 28. Rxh5 Rb8 29. Qd3 g6 30. Rh3 Kg7 31. Qd2 Rb2 32. Qh6+ Kg8 33. Ra3
Qc4+ 34. Kg1 Qc5+ 35. Qe3 Qxc2 36. Qf3 Qc5+ 37. Kh1 Rf2 38. Qe3 Bd4 39. Ra8+ Kg7
40. Qh3 Qh5 41. Qxh5 gxh5 42. g3 e5 43. Rd8 Kg6 44. R8xd4 exd4 1/2-1/2

[Event "2nd IMSA Rapid w 2017"]
[Site "Huai'an CHN"]
[Date "2017.12.10"]
[Round "2.3"]
[White "Muzychuk, Mariya"]
[Black "Ushenina, Anna"]
[Result "1/2-1/2"]
[WhiteTitle "GM"]
[BlackTitle "GM"]
[WhiteElo "2544"]
[BlackElo "2416"]
[WhiteFideId "14114550"]
[BlackFideId "14110911"]
[EventDate "2017.12.10"]

1. e4 c5 2. Nf3 e6 3. d4 cxd4 4. Nxd4 Nc6 5. Nc3 Qc7 6. Be3 Nf6 7. f4 Bb4 8. Nb5
Qa5 9. e5 Nd5 10. Bd2 Nxc3 11. Bxc3 O-O 12. Qd2 f6 13. exf6 Rxf6 14. a3 Bxc3 15.
Nxc3 d5 16. O-O-O a6 17. Ne2 Qxd2+ 18. Rxd2 Bd7 19. g3 Be8 20. Nd4 Nxd4 21. Rxd4
Rc8 22. c3 Bg6 23. Bg2 Bf5 24. Re1 Rh6 25. h4 Rg6 26. Re3 Bg4 27. Kd2 h6 28. Ke1
Rc7 29. a4 Rf6 30. a5 Rff7 31. Bf1 Rfd7 32. Be2 Bxe2 33. Kxe2 Kf7 34. g4 Rc5 35.
b4 Rc6 36. Kd2 Rdc7 37. f5 exf5 38. Rf3 Rc4 39. Rxd5 Ke6 40. Rfxf5 Rxc3 41.
Rde5+ Kd6 42. Rd5+ Ke6 43. Rde5+ Kd6 44. Rd5+ Ke6 45. Rde5+ 1/2-1/2

[Event "2nd IMSA Rapid w 2017"]
[Site "Huai'an CHN"]
[Date "2017.12.10"]
[Round "2.5"]
[White "Kosteniuk, Alexandra"]
[Black "Zhao, Xue"]
[Result "0-1"]
[WhiteTitle "GM"]
[BlackTitle "GM"]
[WhiteElo "2557"]
[BlackElo "2477"]
[WhiteFideId "4128125"]
[BlackFideId "8601283"]
[EventDate "2017.12.10"]

1. e4 e5 2. Bc4 Nf6 3. d4 exd4 4. Nf3 Bc5 5. e5 d5 6. exf6 dxc4 7. Qe2+ Be6 8.
fxg7 Rg8 9. Bg5 Qd5 10. O-O Rxg7 11. Bf6 Rg6 12. Bh4 Nc6 13. Rd1 d3 14. Nc3 Nd4
15. Nxd5 Nxe2+ 16. Kf1 Bxd5 17. cxd3 Bxf3 18. gxf3 cxd3 0-1

[Event "2nd IMSA Rapid w 2017"]
[Site "Huai'an CHN"]
[Date "2017.12.10"]
[Round "2.6"]
[White "Paehtz, Elisabeth"]
[Black "Tan, Zhongyi"]
[Result "0-1"]
[WhiteTitle "IM"]
[BlackTitle "GM"]
[WhiteElo "2464"]
[BlackElo "2517"]
[WhiteFideId "4641833"]
[BlackFideId "8603642"]
[EventDate "2017.12.10"]

1. d4 Nf6 2. c4 e6 3. Nc3 Bb4 4. e3 O-O 5. Bd3 d5 6. a3 Bxc3+ 7. bxc3 dxc4 8.
Bxc4 c5 9. Nf3 Qc7 10. Bd3 cxd4 11. cxd4 Qc3+ 12. Qd2 Qxa1 13. O-O b6 14. Ne5
Ba6 15. Qc2 Rc8 0-1

[Event "2nd IMSA Rapid w 2017"]
[Site "Huai'an CHN"]
[Date "2017.12.10"]
[Round "3.1"]
[White "Ju, Wenjun"]
[Black "Muzychuk, Anna"]
[Result "1/2-1/2"]
[WhiteTitle "GM"]
[BlackTitle "GM"]
[WhiteElo "2567"]
[BlackElo "2582"]
[WhiteFideId "8603006"]
[BlackFideId "14111330"]
[EventDate "2017.12.10"]

1. d4 Nf6 2. c4 g6 3. Nc3 d5 4. Nf3 Bg7 5. e3 O-O 6. Bd2 Be6 7. cxd5 Nxd5 8. e4
Nxc3 9. Bxc3 c5 10. d5 Bxc3+ 11. bxc3 Bg4 12. Be2 Nd7 13. O-O Qc7 14. Nd2 Bxe2
15. Qxe2 e6 16. c4 Rae8 17. Qd3 exd5 18. exd5 Qf4 19. Rae1 Ne5 20. Qc3 Ng4 21.
Nf3 b6 22. g3 Qd6 23. Qa3 a6 24. h3 Nf6 25. Qxa6 Ra8 26. Qb7 Rxa2 27. Ne5 Rb2
28. Re3 b5 29. Ra1 Qb8 30. Qc6 Qd8 31. Qxc5 bxc4 32. Nxc4 Rc2 33. Rd1 Qd7 34.
Qd4 Qxd5 35. Qxd5 Nxd5 36. Rxd5 Rxc4 1/2-1/2

[Event "2nd IMSA Rapid w 2017"]
[Site "Huai'an CHN"]
[Date "2017.12.10"]
[Round "3.2"]
[White "Lagno, Kateryna"]
[Black "Harika, Dronavalli"]
[Result "1/2-1/2"]
[WhiteTitle "GM"]
[BlackTitle "GM"]
[WhiteElo "2547"]
[BlackElo "2504"]
[WhiteFideId "14109336"]
[BlackFideId "5015197"]
[EventDate "2017.12.10"]

1. e4 e6 2. d4 d5 3. e5 c5 4. c3 Qb6 5. Nf3 Nc6 6. a3 Nh6 7. b4 cxd4 8. cxd4 Nf5
9. Bb2 Bd7 10. g4 Nfe7 11. Nc3 Na5 12. Qc2 Nc4 13. Bxc4 dxc4 14. Nd2 Qc6 15.
Nce4 c3 16. Qxc3 Nd5 17. Qf3 Qc2 18. O-O Qxb2 19. Nc4 Qxd4 20. Rac1 f5 21. gxf5
exf5 22. Ncd6+ Bxd6 23. Nxd6+ Ke7 24. Rfd1 Qg4+ 25. Qxg4 fxg4 26. Rxd5 Ke6 27.
Rd4 Kxe5 28. Rcd1 Bc6 29. Nf7+ Kf5 30. Nxh8 Rxh8 31. Rd8 Rxd8 32. Rxd8 a6 33.
Kf1 Kg5 34. Ke2 h5 35. Rg8 g6 36. Ke3 Bd5 37. Rd8 Bc6 38. Rd6 Be8 39. Kd4 Bc6
40. Kc5 Be4 41. Kb6 h4 42. a4 h3 43. b5 axb5 44. axb5 Kf4 45. Rf6+ Bf5 46. Kxb7
Kf3 47. b6 Kxf2 48. Ka7 g3 49. hxg3 h2 50. b7 h1=Q 51. b8=Q Qa1+ 52. Ra6 Qd4+
53. Qb6 Qxb6+ 54. Rxb6 Kxg3 55. Rxg6+ Bxg6 1/2-1/2

[Event "2nd IMSA Rapid w 2017"]
[Site "Huai'an CHN"]
[Date "2017.12.10"]
[Round "3.4"]
[White "Zhao, Xue"]
[Black "Muzychuk, Mariya"]
[Result "0-1"]
[WhiteTitle "GM"]
[BlackTitle "GM"]
[WhiteElo "2477"]
[BlackElo "2544"]
[WhiteFideId "8601283"]
[BlackFideId "14114550"]
[EventDate "2017.12.10"]

1. c4 e5 2. Nc3 Nf6 3. Nf3 Nc6 4. a3 d5 5. cxd5 Nxd5 6. Qc2 Be7 7. e3 a6 8. Nxd5
Qxd5 9. Bc4 Qd6 10. b4 Bg4 11. Bb2 Rd8 12. b5 Bxf3 13. gxf3 Na5 14. Be2 axb5 15.
Bxb5+ c6 16. Be2 Qd5 17. Rg1 Bf6 18. a4 O-O 19. Bc3 Nc4 20. Qe4 Nd6 21. Qxd5
cxd5 22. Rb1 Ra8 23. Rb6 Rfd8 24. a5 d4 25. Bb4 Be7 26. Bxd6 Bxd6 27. Rxb7 Rxa5
28. Bd3 Ra1+ 29. Rb1 Rxb1+ 30. Bxb1 Bb4 31. Ke2 dxe3 32. dxe3 Rd2+ 33. Kf1 Be7
34. Kg2 Bh4 35. Rc1 Rxf2+ 36. Kh3 g5 37. Be4 h5 38. Rc8+ Kg7 39. Rc7 Rd2 40. Bc2
Bf2 41. Bb3 Bg1 42. Bxf7 Rxh2+ 43. Kg3 Kf6 44. e4 g4 45. fxg4 h4+ 46. Kf3 Rf2+ 0-1

[Event "2nd IMSA Rapid w 2017"]
[Site "Huai'an CHN"]
[Date "2017.12.10"]
[Round "3.5"]
[White "Tan, Zhongyi"]
[Black "Dzagnidze, Nana"]
[Result "1/2-1/2"]
[WhiteTitle "GM"]
[BlackTitle "GM"]
[WhiteElo "2517"]
[BlackElo "2522"]
[WhiteFideId "8603642"]
[BlackFideId "13601903"]
[EventDate "2017.12.10"]

1. d4 Nf6 2. c4 e6 3. Nf3 d5 4. Nc3 dxc4 5. e4 Bb4 6. Bxc4 Nxe4 7. O-O Nxc3 8.
bxc3 Be7 9. Ne5 O-O 10. Qg4 Nc6 11. Bf4 Nxe5 12. dxe5 Kh8 13. Rad1 Qe8 14. Bd3
Bd7 15. Bh6 Rg8 16. Qe4 g6 17. Qxb7 Ba4 18. Rd2 Qc6 19. Be4 Qxb7 20. Bxb7 Rab8
21. Be4 Rgd8 22. Rxd8+ Bxd8 23. Be3 a5 24. Rb1 Rxb1+ 25. Bxb1 Bb5 26. Bc2 Kg7
27. f4 Kf8 28. Kf2 h5 29. g3 Be7 30. a4 Bc6 31. Ba7 Ke8 32. Ke3 Kd7 33. Kd4 Ba3
34. Bc5 Bc1 35. Kd3 g5 36. fxg5 Bxg5 37. h4 Be7 38. Bd4 Bf3 39. Ke3 Bg4 40. Kf4
Be2 41. Ke3 Bg4 42. Kf4 Be2 43. Ke3 1/2-1/2

[Event "2nd IMSA Rapid w 2017"]
[Site "Huai'an CHN"]
[Date "2017.12.10"]
[Round "3.6"]
[White "Paehtz, Elisabeth"]
[Black "Kosteniuk, Alexandra"]
[Result "0-1"]
[WhiteTitle "IM"]
[BlackTitle "GM"]
[WhiteElo "2464"]
[BlackElo "2557"]
[WhiteFideId "4641833"]
[BlackFideId "4128125"]
[EventDate "2017.12.10"]

1. d4 Nf6 2. c4 e6 3. Nc3 Bb4 4. e3 d5 5. Bd3 e5 6. Qa4+ Nc6 7. a3 exd4 8. exd4
dxc4 9. Be2 Ba5 10. Nf3 O-O 11. Qxc4 Be6 12. Qd3 Qd7 13. O-O Rad8 14. Be3 Bb6
15. Rad1 Bf5 16. Qb5 Bc2 17. Rc1 a6 18. Qg5 Qf5 19. Qh4 Bb3 20. Nb1 Bd5 21. Nc3
Bb3 22. Nb1 Rfe8 23. Nbd2 Bd5 24. Bd1 h6 25. Bc2 Qg4 26. Qxg4 Nxg4 27. Bf4 Nxd4
28. Nxd4 Bxd4 29. Bxc7 Nxf2 30. Bxd8 Nd3+ 31. Kh1 Nxc1 32. Ba5 Re2 33. Be4 Bxe4
34. Nxe4 Nd3 35. Rd1 Rxe4 36. Rxd3 b6 37. Bb4 Bxb2 38. g3 a5 39. Rd8+ Kh7 40.
Bf8 Re3 41. Rb8 Bxa3 42. Bxa3 Rxa3 43. Rxb6 Ra2 44. Ra6 f6 45. Ra7 Kg6 46. Kg1
f5 47. h4 Kf6 48. Kf1 f4 49. gxf4 Ra4 50. Ra6+ Kf5 51. Kg2 Kxf4 52. Rg6 Kf5 53.
Ra6 Ke5 0-1

[Event "2nd IMSA Rapid w 2017"]
[Site "Huai'an CHN"]
[Date "2017.12.10"]
[Round "4.2"]
[White "Muzychuk, Mariya"]
[Black "Lagno, Kateryna"]
[Result "1-0"]
[WhiteTitle "GM"]
[BlackTitle "GM"]
[WhiteElo "2544"]
[BlackElo "2547"]
[WhiteFideId "14114550"]
[BlackFideId "14109336"]
[EventDate "2017.12.10"]

1. e4 c5 2. Nf3 d6 3. d4 cxd4 4. Nxd4 Nf6 5. Nc3 Nc6 6. Bg5 e6 7. Qd2 a6 8.
O-O-O Be7 9. f4 Bd7 10. Nf3 b5 11. e5 b4 12. exf6 bxc3 13. Qxc3 gxf6 14. Bh4 a5
15. a3 Rc8 16. Qe3 Qc7 17. Rd2 d5 18. Bb5 Rb8 19. Nd4 Qb6 20. Re1 Nxd4 21. Bxd7+
Kxd7 22. Qxd4 Rhc8 23. Bxf6 Qb3 24. Kd1 Qb6 25. Bxe7 Kxe7 26. b3 Qxd4 27. Rxd4
Rc5 28. f5 Rbc8 29. Re2 Kd6 30. Rh4 R8c7 31. Rxh7 d4 32. fxe6 fxe6 33. Rh6 Re7
34. g4 Rg5 35. h3 Kd5 36. Rf2 e5 37. Ra6 Ke4 38. Re2+ Kf4 39. Rxa5 Rh7 40. Ra8
Rxh3 41. Rf8+ Kxg4 42. Kd2 Rg3 43. a4 Rf5 44. Rg8+ Kf4 45. Rxg3 Kxg3 46. Kd3 Kf3
47. a5 Rf4 48. Rxe5 1-0

[Event "2nd IMSA Rapid w 2017"]
[Site "Huai'an CHN"]
[Date "2017.12.10"]
[Round "4.3"]
[White "Muzychuk, Anna"]
[Black "Harika, Dronavalli"]
[Result "1/2-1/2"]
[WhiteTitle "GM"]
[BlackTitle "GM"]
[WhiteElo "2582"]
[BlackElo "2504"]
[WhiteFideId "14111330"]
[BlackFideId "5015197"]
[EventDate "2017.12.10"]

1. e4 d6 2. d4 Nf6 3. Nc3 g6 4. Be3 c6 5. Nf3 Bg7 6. Qd2 Ng4 7. Bg5 h6 8. Bh4
O-O 9. h3 Nf6 10. Bd3 Qc7 11. e5 dxe5 12. dxe5 Nd5 13. Bg3 Qa5 14. Nxd5 Qxd2+
15. Kxd2 cxd5 16. c3 Nc6 17. Rhe1 e6 18. Nd4 Bd7 19. f4 Nxd4 20. cxd4 Rfc8 21.
Rac1 Kf8 22. Bh4 Rxc1 23. Rxc1 Rc8 24. Rxc8+ Bxc8 25. g4 Bd7 26. Bf6 Kg8 27. h4
Bf8 28. Ke2 Bb4 29. a3 Bf8 30. Ke3 a6 31. f5 gxf5 32. gxf5 Ba4 33. fxe6 fxe6 34.
Bg6 Bb5 35. Kf4 Ba4 36. Ke3 Bb5 37. Kf4 Ba4 38. Ke3 1/2-1/2

[Event "2nd IMSA Rapid w 2017"]
[Site "Huai'an CHN"]
[Date "2017.12.10"]
[Round "4.4"]
[White "Kosteniuk, Alexandra"]
[Black "Tan, Zhongyi"]
[Result "1/2-1/2"]
[WhiteTitle "GM"]
[BlackTitle "GM"]
[WhiteElo "2557"]
[BlackElo "2517"]
[WhiteFideId "4128125"]
[BlackFideId "8603642"]
[EventDate "2017.12.10"]

1. e4 e5 2. Bc4 Nf6 3. d4 exd4 4. Nf3 d5 5. exd5 Bb4+ 6. c3 Qe7+ 7. Be2 dxc3 8.
bxc3 Bc5 9. O-O O-O 10. c4 c6 11. Nc3 Bg4 12. Na4 cxd5 13. Nxc5 Qxc5 14. Qb3
dxc4 15. Bxc4 b5 16. Bxb5 Be6 17. Qb2 Nbd7 18. Be3 Qh5 19. Bc6 Rac8 20. Bb7 Rb8
21. Rfc1 Bd5 22. Rc7 Qg6 23. Qb1 Qg4 24. h3 Qa4 25. Nd4 Qa5 26. Bf4 Be4 27. Nc6
Qa4 28. Qd1 Bxc6 29. Bxc6 Qxf4 30. Rxd7 Nxd7 31. Qxd7 Rfd8 32. Qxa7 Rbc8 33. Qa4
Qf6 34. Rc1 g6 35. Rc2 Rd1+ 36. Kh2 Qe5+ 37. f4 Qe3 38. Qe4 Qg1+ 39. Kg3 Re1 40.
Re2 Rc1 41. Bb7 R1c3+ 42. Kh4 Rf8 43. Bd5 Qb6 44. Qe7 Qd4 45. Qe5 Qb4 46. Qf6
Rc7 47. Kg5 Qc3 48. Qxc3 Rxc3 49. Kf6 Ra3 50. Re7 Ra6+ 51. Ke5 Kg7 52. f5 Rf6
53. g4 gxf5 54. gxf5 Rh6 55. Bg2 Rh4 56. f6+ Kh6 57. Bd5 Rxh3 58. Bxf7 Re3+ 59.
Kd4 Rf3 60. Ke5 Kg5 61. Bb3 Re3+ 62. Kd4 Rxe7 63. fxe7 Re8 64. a4 Rxe7 65. Kc5
h5 66. Kb6 Re3 67. Bd5 Rd3 68. Bg2 Rb3+ 69. Kc6 Ra3 70. Kb5 h4 71. a5 Ra2 72.
Bh1 Ra1 73. Bg2 Ra2 74. Bh1 h3 75. a6 Ra1 76. Ba8 h2 77. Kb6 Rb1+ 78. Kc7 Rc1+
79. Kb6 Rb1+ 80. Kc7 Ra1 81. Kb6 Kf4 82. a7 Rxa7 1/2-1/2

[Event "2nd IMSA Rapid w 2017"]
[Site "Huai'an CHN"]
[Date "2017.12.10"]
[Round "4.5"]
[White "Dzagnidze, Nana"]
[Black "Zhao, Xue"]
[Result "1-0"]
[WhiteTitle "GM"]
[BlackTitle "GM"]
[WhiteElo "2522"]
[BlackElo "2477"]
[WhiteFideId "13601903"]
[BlackFideId "8601283"]
[EventDate "2017.12.10"]

1. Nf3 e6 2. c4 a6 3. b3 b5 4. Bb2 Bb7 5. g3 f5 6. Bg2 Nf6 7. O-O Be7 8. d3 O-O
9. Nbd2 c5 10. e3 Nc6 11. Qe2 Qc7 12. Rac1 Rac8 13. d4 cxd4 14. exd4 bxc4 15.
bxc4 Nd8 16. d5 Bc5 17. Nb3 Ne4 18. Nxc5 Nxc5 19. Bd4 Ne4 20. Qb2 d6 21. Bb6 Qe7
22. Bxd8 Rcxd8 23. dxe6 Nc5 24. Rcd1 Nxe6 25. Rfe1 Be4 26. Nd4 Qf6 27. Qb6 Nc5
28. Nb3 Nd3 29. Re3 Ne5 30. Rd4 Ng4 31. Re2 Qh6 32. h3 Ne5 33. Re3 Bxg2 34. Kxg2
Qf6 35. c5 Nf7 36. cxd6 Rb8 37. Qc5 Rfc8 38. Qd5 Rd8 39. d7 g6 40. Nc5 Rb5 41.
a4 Rxd7 42. Nxd7 1-0

[Event "2nd IMSA Rapid w 2017"]
[Site "Huai'an CHN"]
[Date "2017.12.10"]
[Round "4.6"]
[White "Ushenina, Anna"]
[Black "Paehtz, Elisabeth"]
[Result "1-0"]
[WhiteTitle "GM"]
[BlackTitle "IM"]
[WhiteElo "2416"]
[BlackElo "2464"]
[WhiteFideId "14110911"]
[BlackFideId "4641833"]
[EventDate "2017.12.10"]

1. d4 d5 2. Nf3 c6 3. Bf4 Qb6 4. Qc1 Bf5 5. e3 e6 6. Nbd2 Nd7 7. Nh4 Bg4 8. h3
Bh5 9. g4 Bg6 10. Bg2 c5 11. Nxg6 hxg6 12. c3 Bd6 13. Bxd6 Qxd6 14. Qd1 Ne7 15.
Qe2 g5 16. dxc5 Qxc5 17. Nf3 f6 18. h4 gxh4 19. Rxh4 Rxh4 20. Nxh4 O-O-O 21. Nf3
e5 22. O-O-O Nb6 23. Kb1 Nc6 24. Nd2 Kc7 25. Nb3 Qe7 26. Qb5 a6 27. Qc5 Qxc5 28.
Nxc5 Rd6 29. Rh1 Nd7 30. Nb3 Nd8 31. f4 Ne6 32. f5 Ng5 33. Rh8 Nb6 34. Rg8 Nc4
35. Rxg7+ Kb6 36. a4 a5 37. Bf1 Nxe3 38. Be2 Ng2 39. Nxa5 Kxa5 40. Rxb7 Ne3 41.
b4+ Kxa4 42. Ka2 1-0